00822nam a22002055i 4500001000700000003000900007005001700016008004100033040002000074100002600094245011100120260004600231300002200277490005500299650002300354830006300377852003600440999001900476952012100495157617ES-MaACL20240229183438.0040902q18501900xxk |||| | eng d aCAM bspa cCAM1 aLethaby, W.R.912891010aArchitecture b: an introduction to the history and the theory of the art of building / cby W.R. Lethaby. aLondon : bWilliams and Norgate, c[s.a.] a256 p. ; c17 cm.1 aHome University Library of Modern Knowledge ; v3904aArquitectura999860 aHome University Library of Modern Knowledge ; v399182346 aES-MaACLjC-3114 z-- Enc. tela c157617d157617 00104070aATENEOMbATENEOMcSPALd2008-01-17eSSCl0oC-3114p1164942r2023-02-23 00:00:00w2023-02-23yMONOGRAFIA